Begins and Ends with 'H' Quiz Stats

Quiz Updated Nov 3, 2014

Challenge
Share
Tweet
Embed
Score 0/16 Timer 04:00
6 Plays Today
Hint Answer % Correct
Children's playground game involving skipping and squaresHopscotch
86.1%
To fasten temporarily or a 2005 Will Smith movieHitch
78.5%
The overall condition of an organism, here's to yoursHealth
75.1%
Praise Yahweh for this often covered Leonard Cohen songHallelujah
62.5%
Unpleasantly coarse or disagreeable to the sensesHarsh
61.5%
An intuitive feeling might help you answer this oneHunch
60.9%
Writing system using picture symbols e.g. used in ancient EgyptHieroglyph
57.6%
SHHHHH!! I am trying to watch this 1998 Gwyneth Paltrow movieHush
55.5%
Hint Answer % Correct
A brick or stone lined fireplace or ovenHearth
54.5%
Instrument for smoking tobacco sometimes called a waterpipeHookah
52%
An opening as in the deck of a shipHatch
48.7%
This plant is grated, mixed with vinegar and cream and great on a sandwichHorseradish
38.8%
Lebanon based Shi'a Islamist political and paramilitary organizationHezbollah
29.2%
Nonsense; ridiculous speech or writingHogwash
15.5%
A type of will written in your own hand, if only it were in 3-DHolograph
11.4%
Divine hero in Greek mythology or a bulbous Mediterranean plantHyacinth
6.3%

You're not logged in!

Compare scores with friends on all Sporcle quizzes.
Sign Up with Email
OR
Log In

You Might Also Like...

Show Comments

Extras

Top Quizzes Today


Score Distribution

Your Account Isn't Verified!

In order to create a playlist on Sporcle, you need to verify the email address you used during registration. Go to your Sporcle Settings to finish the process.